| 000 | 00919 a2200181 4500 | ||
|---|---|---|---|
| 003 | Nust | ||
| 005 | 20230912090518.0 | ||
| 040 | _cNust | ||
| 082 | _a600,CHA | ||
| 100 | _aChapman, W. A. J. | ||
| 245 |
_aWorkshop Technology Part 1 _ban introductory course _c by W. A. J. Chapman. |
||
| 250 | _a5th ed | ||
| 260 |
_aLondon, _b E. Arnold & co. _c1972] |
||
| 300 |
_a410p _bdiagrs., form. 19 cm. |
||
| 505 | _aIntroduction Material Iron And Steel (Page-1),The Properties And Treatment Of Iron And Steel (Page-31),Non-Ferrous Metals And Alloys (Page-59),Heat Processes Forging Riveting (Page-91),Power Safety And Care (Page-129), Metal Cutting (Page-167),Checking And Measurements (Page-194),The Bench, Flat Surface (Page-229), Marking Out Drilling Screwing(Page-255),Introduction To The Lathe (Page-295),Chuck Work (Page-330),The Shaping Machine (Page-367). | ||
| 650 |
_aWorkshop Technology _962971 |
||
| 942 |
_2ddc _cBK |
||
| 999 |
_c183093 _d183093 |
||